000 00734nam a2200217 a 4500
001 000010320
005 20240702114159.0
008 091006s1975 dr r 000 p spa d
040 _aDO-SdBNP
_bspa
_cBNPHU
082 _aRD861.44
_bE77po
100 1 _aEspaillat, Luis Ariel
_925336
245 1 0 _aPor los caminos /
_cLuis Ariel Espaillat ; presentación Ramón Lacay Polanco.
260 _aSanto Domingo :
_bUASD,
_c1975.
300 _a51 p. ;
_c21 cm.
590 _aInventariado, 2018/BT
650 0 _aPoesía dominicana
_966
650 0 _aLiteratura dominicana.
_967
700 1 2 _aLacay Polanco, Ramón,
_d1918-1986
_923155
710 1 _aUniversidad Autónoma de Santo Domingo
_972951
910 _aValidado. Control de calidad. MFF
999 _c10079
_d10079